| 000 -LEADER |
| fixed length control field |
00629nam a22002177a 4500 |
| 003 - CONTROL NUMBER IDENTIFIER |
| control field |
OSt |
| 005 - DATE AND TIME OF LATEST TRANSACTION |
| control field |
20220917044024.0 |
| 008 - FIXED-LENGTH DATA ELEMENTS--GENERAL INFORMATION |
| fixed length control field |
220917b ||||| |||| 00| 0 eng d |
| 020 ## - INTERNATIONAL STANDARD BOOK NUMBER |
| International Standard Book Number |
9789997189349 |
| 040 ## - CATALOGING SOURCE |
| Original cataloging agency |
SSBUL |
| Transcribing agency |
SSBUL |
| 082 ## - DEWEY DECIMAL CLASSIFICATION NUMBER |
| Edition number |
23 |
| Classification number |
026 |
| 100 0# - MAIN ENTRY--PERSONAL NAME |
| Personal name |
Maung Maung Thaike Kyaw. |
| 245 10 - TITLE STATEMENT |
| Title |
Archive Science / |
| Statement of responsibility, etc. |
Maung Maung Thaike Kyaw. |
| 260 ## - PUBLICATION, DISTRIBUTION, ETC. |
| Place of publication, distribution, etc. |
Yangon : |
| Name of publisher, distributor, etc. |
SMART Publication, |
| Date of publication, distribution, etc. |
2017. |
| 300 ## - PHYSICAL DESCRIPTION |
| Extent |
169 pages ; |
| Dimensions |
19 cm. |
| 650 ## - SUBJECT ADDED ENTRY--TOPICAL TERM |
| Topical term or geographic name entry element |
Archives |
|
| Topical term or geographic name entry element |
Archives |
|
| Topical term or geographic name entry element |
History |
| General subdivision |
Sources |
| 910 ## - USER-OPTION DATA (OCLC) |
| User-option data |
Record management, PAC, paper, inks, writing materials |
| 942 ## - ADDED ENTRY ELEMENTS (KOHA) |
| Koha item type |
Book (Short term) |
| 100 0# - MAIN ENTRY--PERSONAL NAME |
| 9 (RLIN) |
10939 |
| 650 ## - SUBJECT ADDED ENTRY--TOPICAL TERM |
| 9 (RLIN) |
10940 |
|
| 9 (RLIN) |
10940 |
|
| 9 (RLIN) |
7403 |
| 942 ## - ADDED ENTRY ELEMENTS (KOHA) |
| Source of classification or shelving scheme |
|